Statistics for Most Common States Of Birth Of A-List Celebrities

Click here to take the quiz!

General Stats

  • This quiz has been taken 43 times
  • The average score is 8 of 10

Answer Stats

RankState% Correct
1California
100%
3Texas
97%
2New York
94%
4Ohio
94%
8Michigan
89%
5New Jersey
86%
7Massachusetts
83%
6Georgia
81%
10Tennessee
69%
9Oklahoma
31%

Score Distribution

Percentile by Number Answered

Percent of People with Each Score

Your Score History

You have not taken this quiz